000 00465 a2200133 4500
001 87810
082 _aPR 187
090 _c41272
_d41272
100 _aSyed Nabeel Amjad, Plt Off ; Musawar Hussain, Plt Off 71 EC
245 _aStructural analysis of C-130 center wing and empennage and integration with previous FE models of C-130 aircraft
260 _aRisalpur
_bNUST Risalpur
_c2011
300 _axv, 117p.
_eShakeel Safdar, Wg Cdr
500 _aBE Project Reports
942 _aCAE NUST
_kPR 187
999 _c322883
_d322883